Transparency in the German real estate market (Record no. 118503)

MARC details
000 -LEADER
fixed length control field 01110cam a2200253 4500
001 - CONTROL NUMBER
control field ABS68743
008 - FIXED-LENGTH DATA ELEMENTS--GENERAL INFORMATION
fixed length control field 050218n2005 000 0 eng u
035 ## - SYSTEM CONTROL NUMBER
System control number (Sirsi) u128842
100 ## - MAIN ENTRY--PERSONAL NAME
Personal name Schulte, K.
245 ## - TITLE STATEMENT
Title Transparency in the German real estate market
260 ## - PUBLICATION, DISTRIBUTION, ETC.
Date of publication, distribution, etc. 2005
490 ## - SERIES STATEMENT
Series statement Journal of Property Investment and Finance
Volume/sequential designation 23(1) 2005, 90-108(19)
520 ## - SUMMARY, ETC.
Summary, etc. Investigates and discusses the concept of transparency in the German real estate market, the availability of private and public market data, major real estate investment products, performance measurement, changes in the regulatory environment and the emergence of organisations and publications. Shows that transparency in the German real estate market has noticeably improved but, compared with the USA or UK, it still lacks transparency. [Taken from journal abstract]
590 ## - LOCAL NOTE (RLIN)
Local note ABS
590 ## - LOCAL NOTE (RLIN)
Local note ABS
650 ## - SUBJECT ADDED ENTRY--TOPICAL TERM
Topical term or geographic name entry element TRANSPARENCY
650 ## - SUBJECT ADDED ENTRY--TOPICAL TERM
Topical term or geographic name entry element REAL ESTATE MARKET
650 ## - SUBJECT ADDED ENTRY--TOPICAL TERM
Topical term or geographic name entry element MARKET DATA
650 ## - SUBJECT ADDED ENTRY--TOPICAL TERM
Topical term or geographic name entry element GERMANY
690 ## - LOCAL SUBJECT ADDED ENTRY--TOPICAL TERM (OCLC, RLIN)
Topical term or geographic name as entry element INTERNATIONAL-EUROPE
700 ## - ADDED ENTRY--PERSONAL NAME
Personal name Rottke, N.
700 ## - ADDED ENTRY--PERSONAL NAME
Personal name Pitschke, C.
942 ## - ADDED ENTRY ELEMENTS (KOHA)
Suppress in OPAC 0
Holdings
Withdrawn status Lost status Source of classification or shelving scheme Damaged status Not for loan Home library Current library Shelving location Date acquired Total Checkouts Full call number Barcode Date last seen Copy number Price effective from Koha item type
    Dewey Decimal Classification     London London Journal article 18/02/2005   ABS68743 128842-1001 06/08/2019 1 06/08/2019 Journal article